Alice in Chains: Albums by Cover - Statistics

General Stats
  • This quiz has been taken 74 times
  • The average score is 4 of 6
Answer Stats
Picture Hint Answer % Correct
1992 Dirt
95%
1990 Facelift
94%
1995 Alice in Chains
73%
2009 Black Gives Way to Blue
64%
2013 The Devil Put Dinosaurs Here
59%
2018 Rainier Fog
44%
No matching quizzes found
Score Distribution
Percent of People with Each Score
Percentile by Number Answered
Your Score History
You have not taken this quiz